[Event "POL-chT Ekstraliga"]
[Site "Walbrzych"]
[Date "2024.10.14"]
[Round "8.5"]
[White "Zawadzki, Stanislaw"]
[Black "Rog, Bartlomiej"]
[Result "1/2-1/2"]
[WhiteElo "2431"]
[BlackElo "2257"]
[PlyCount "68"]
[EventDate "2024.10.07"]
[EventType "team-tourn"]
[EventRounds "9"]
[EventCountry "POL"]
[SourceTitle "CB42_2024"]
[Source "ChessBase"]
[SourceDate "2024.10.16"]
[SourceVersion "1"]
[SourceVersionDate "2024.10.16"]
[SourceQuality "1"]
[WhiteTeam "Wisznia Mala Bialy Krol"]
[BlackTeam "Gorzow Wielkopolski Stilon"]
[WhiteTeamCountry "POL"]
[BlackTeamCountry "POL"]

1. e4 e5 2. Nf3 Nc6 3. Bb5 f5 4. d3 fxe4 5. dxe4 Nf6 6. 0-0 d6 7. Nbd2 Be7 8. c3 0-0 9. Re1 Qe8 10. Nf1 Nh5 11. Ng3 Bg4 12. Qb3+ Kh8 13. Nd2 Nf4 14. Bf1 Rb8 15. Nc4 Qg6 16. Ne3 Be6 17. Qd1 Qf7 18. Qc2 Bxa2 19. Ngf5 Bb3 20. Qd2 g6 21. Nxe7 Qxe7 22. g3 Ne6 23. Nd5 Qf7 24. Qe2 Nc5 25. Bh6 Rfe8 26. Bg2 a6 27. h4 Bxd5 28. exd5 Ne7 29. b4 Nd7 30. Rad1 Nf6 31. Qd2 Nf5 32. Bg5 Ng8 33. Qe2 Rf8 34. Bc1 Nf6 1/2-1/2

[Event "POL-chT 1st League"]
[Site "Leba"]
[Date "2023.09.23"]
[Round "1.4"]
[White "Luberanski, Jakub"]
[Black "Zawadzki, Stanislaw"]
[Result "1/2-1/2"]
[WhiteElo "2274"]
[BlackElo "2435"]
[PlyCount "42"]
[EventDate "2023.09.23"]
[EventType "team-swiss"]
[EventRounds "9"]
[EventCountry "POL"]
[SourceTitle "CBM 216 Extra"]
[Source "ChessBase"]
[SourceDate "2023.11.30"]
[SourceVersion "1"]
[SourceVersionDate "2023.11.30"]
[SourceQuality "1"]
[WhiteTeam "Wroclaw Polonia"]
[BlackTeam "Wisznia Mala Bialy Krol"]
[WhiteTeamCountry "POL"]
[BlackTeamCountry "POL"]

1. e4 d6 2. d4 Nf6 3. Nc3 e5 4. Nf3 Nbd7 5. Bc4 Be7 6. 0-0 0-0 7. Re1 c6 8. a4 Qc7 9. Ba2 b6 10. h3 a6 11. dxe5 dxe5 12. Nh4 Bb4 13. Bg5 h6 14. Bxh6 Bxc3 15. bxc3 gxh6 16. Qf3 Nh7 17. Qh5 Ndf6 18. Qxh6 Kh8 19. Re3 Ng8 20. Qh5 Ngf6 21. Qh6 Ng8 1/2-1/2

[Event "World Corporate East A"]
[Site "Chess.com INT"]
[Date "2021.02.19"]
[Round "3.4"]
[White "Chernikova, Iryna"]
[Black "Zawadzki, Stanislaw"]
[Result "0-1"]
[WhiteElo "1509"]
[BlackElo "2435"]
[PlyCount "88"]
[EventDate "2021.02.19"]
[EventType "team (rapid)"]
[EventRounds "7"]
[EventCountry "USA"]
[SourceTitle "EXT 2022"]
[Source "ChessBase"]
[SourceDate "2021.10.06"]
[SourceVersion "1"]
[SourceVersionDate "2021.10.06"]
[SourceQuality "1"]
[WhiteTeam "Airbus"]
[BlackTeam "Probit"]
[WhiteTeamCountry "FRA"]
[BlackTeamCountry "POL"]

1. d4 d5 2. c4 c6 3. Nc3 Nf6 4. Bf4 dxc4 5. e4 b5 6. a4 b4 7. Na2 Nxe4 8. Nxb4 e5 9. Bd2 Qxd4 10. Qe2 Qxd2+ 11. Qxd2 Nxd2 12. Kxd2 Bxb4+ 13. Kd1 Be6 14. Nf3 f6 15. Rc1 Ke7 16. Bxc4 Rd8+ 17. Ke2 Bd5 18. Rhd1 a5 19. g3 Bxc4+ 20. Rxc4 Rxd1 21. Kxd1 Ra7 22. Ke2 Rd7 23. g4 Ke6 24. h4 c5 25. b3 Nc6 26. Rc1 Nd4+ 27. Nxd4+ Rxd4 28. f3 Kd5 29. h5 Bd2 30. Rc2 Bh6 31. Rc3 c4 32. bxc4+ Rxc4 33. Rd3+ Rd4 34. Rb3 Rxa4 35. Rd3+ Rd4 36. Ra3 a4 37. Kf2 Kc5 38. Ke2 Kb4 39. Ra1 a3 40. Rb1+ Kc3 41. Ra1 Kb2 42. Rf1 a2 43. Rh1 Rd2+ 44. Kf1 a1Q# 0-1

[Event "POL-chT 1st League"]
[Site "Ustron"]
[Date "2020.09.06"]
[Round "2.2"]
[White "Flis, Jacek"]
[Black "Zawadzki, Stanislaw"]
[Result "1/2-1/2"]
[WhiteElo "2214"]
[BlackElo "2435"]
[PlyCount "144"]
[EventDate "2020.09.05"]
[EventType "team-tourn"]
[EventRounds "9"]
[EventCountry "POL"]
[SourceTitle "CBM 198 Extra"]
[Source "ChessBase"]
[SourceDate "2020.11.30"]
[SourceVersion "1"]
[SourceVersionDate "2020.11.30"]
[SourceQuality "1"]
[WhiteTeam "Czestochowa Hetman"]
[BlackTeam "Wisznia Mala Bialy Krol"]
[WhiteTeamCountry "POL"]
[BlackTeamCountry "POL"]

1. g3 c5 2. Bg2 Nc6 3. Nf3 g6 4. 0-0 Bg7 5. e4 d6 6. d3 Nf6 7. Nc3 0-0 8. Re1 e5 9. h3 Rb8 10. a4 a6 11. Bg5 h6 12. Be3 b5 13. axb5 axb5 14. Nh2 b4 15. Ne2 Be6 16. Qd2 Kh7 17. f4 Qd7 18. g4 exf4 19. Bxf4 Ne8 20. c3 bxc3 21. bxc3 Rd8 22. Be3 Nc7 23. Nf3 Rfe8 24. d4 Bc4 25. Ng3 d5 26. dxc5 dxe4 27. Qxd7 Rxd7 28. Nd4 Bd5 29. Nxc6 Bxc6 30. Red1 Rxd1+ 31. Rxd1 Bf8 32. Bd4 Na6 33. Rf1 Bd5 34. c6 Bd6 35. Nxe4 Bxe4 36. Bxe4 Rxe4 37. Rxf7+ Kg8 38. Rg7+ Kf8 39. Rxg6 Be5 40. Bxe5 Rxe5 41. Rxh6 Rc5 42. Rf6+ Kg7 43. Rf3 Nc7 44. Kf2 Rxc6 45. Ke2 Nd5 46. Kd2 Kg6 47. Kc2 Rc8 48. Kb3 Rb8+ 49. Kc4 Nf6 50. Kd4 Rd8+ 51. Ke5 Re8+ 52. Kd6 Rc8 53. Ke5 Re8+ 54. Kd4 Rd8+ 55. Kc4 Rc8+ 56. Kb3 Rb8+ 57. Kc2 Rc8 58. Rd3 Kg5 59. Rd4 Rh8 60. Rd3 Kf4 61. c4 Ne4 62. Ra3 Ke5 63. Rd3 Kf4 64. Ra3 Ng5 65. c5 Ke5 66. c6 Kd6 67. Ra5 Ne6 68. Rh5 Re8 69. g5 Kxc6 70. h4 Kd6 71. Rh7 Rg8 72. Kd2 Nxg5 1/2-1/2

[Event "POL-chT"]
[Site "Poland"]
[Date "2016.10.09"]
[Round "9.5"]
[White "Zawadzki, Stanislaw"]
[Black "Socko, Bartosz"]
[Result "0-1"]
[WhiteElo "2431"]
[BlackElo "2594"]
[PlyCount "86"]
[EventDate "2016.06.24"]
[EventType "team-tourn"]
[EventRounds "9"]
[EventCountry "POL"]
[SourceTitle "EXT 2017"]
[Source "ChessBase"]
[SourceDate "2016.10.25"]
[SourceVersion "1"]
[SourceVersionDate "2016.10.25"]
[SourceQuality "1"]
[WhiteTeam "Legnica Miedz"]
[BlackTeam "Katowice Hetman Szopienice"]
[WhiteTeamCountry "POL"]
[BlackTeamCountry "POL"]

1. e4 e6 2. d4 d5 3. Nc3 Bb4 4. e5 c5 5. a3 Bxc3+ 6. bxc3 Qa5 7. Bd2 Qa4 8. Nf3 b6 9. Bd3 Ba6 10. 0-0 Nd7 11. Bxa6 Qxa6 12. a4 Ne7 13. Qb1 0-0 14. Qb5 Qb7 15. dxc5 Nxc5 16. a5 Ne4 17. c4 Rfc8 18. Bb4 Rxc4 19. Bxe7 a6 20. Qb3 Qxe7 21. axb6 Rb4 22. Qe3 Qc5 23. Qxc5 Nxc5 24. Rfb1 Rxb1+ 25. Rxb1 Rb8 26. Kf1 h6 27. c4 dxc4 28. Rb4 c3 29. Nd4 Nd3 30. Rb3 Nxe5 31. b7 Nd7 32. Ke2 c2 33. Nxc2 Nc5 34. Rc3 Nxb7 35. Nb4 Nc5 36. Nc6 Rb2+ 37. Ke1 Ne4 38. Ra3 Nxf2 39. Rxa6 Ng4 40. h3 Ne3 41. g4 Ng2+ 42. Kf1 Nf4 43. h4 Ng2 0-1

[Event "POL-chT"]
[Site "Poland"]
[Date "2016.10.08"]
[Round "8.5"]
[White "Protaziuk, Grzegorz"]
[Black "Zawadzki, Stanislaw"]
[Result "1/2-1/2"]
[WhiteElo "2344"]
[BlackElo "2431"]
[PlyCount "86"]
[EventDate "2016.06.24"]
[EventType "team-tourn"]
[EventRounds "9"]
[EventCountry "POL"]
[SourceTitle "EXT 2017"]
[Source "ChessBase"]
[SourceDate "2016.10.25"]
[SourceVersion "1"]
[SourceVersionDate "2016.10.25"]
[SourceQuality "1"]
[WhiteTeam "Miedzyborow Wrzos"]
[BlackTeam "Legnica Miedz"]
[WhiteTeamCountry "POL"]
[BlackTeamCountry "POL"]

1. e4 c5 2. Nf3 Nc6 3. d4 cxd4 4. Nxd4 Nf6 5. Nc3 d6 6. Bg5 e6 7. Qd2 a6 8. 0-0-0 h6 9. Be3 Be7 10. f3 Qc7 11. Kb1 Nxd4 12. Qxd4 e5 13. Qb6 Qxb6 14. Bxb6 Be6 15. Nd5 Nxd5 16. exd5 Bd7 17. c4 0-0 18. Be2 f5 19. Rhe1 Rfc8 20. Bf1 Kf7 21. b3 g5 22. h3 h5 23. Bd3 Kf6 24. Kb2 Bd8 25. Bg1 Ba5 26. Re2 Bb4 27. a3 Bc5 28. Bxc5 dxc5 29. Rde1 Re8 30. b4 Rac8 31. Kb3 b6 32. Rb2 h4 33. a4 a5 34. bxa5 bxa5 35. Kc3 Rb8 36. Reb1 Rb4 37. Bc2 Reb8 38. Rxb4 axb4+ 39. Kd3 Ra8 40. Ra1 Ra5 41. Ke3 Be8 42. Rd1 Bd7 43. Ra1 Be8 1/2-1/2

[Event "POL-chT"]
[Site "Poland"]
[Date "2016.09.25"]
[Round "6.3"]
[White "Szelag, Marcin"]
[Black "Zawadzki, Stanislaw"]
[Result "1-0"]
[WhiteElo "2441"]
[BlackElo "2431"]
[PlyCount "57"]
[EventDate "2016.06.24"]
[EventType "team-tourn"]
[EventRounds "9"]
[EventCountry "POL"]
[SourceTitle "EXT 2017"]
[Source "ChessBase"]
[SourceDate "2016.10.25"]
[SourceVersion "1"]
[SourceVersionDate "2016.10.25"]
[SourceQuality "1"]
[WhiteTeam "Gliwice Akademia Szachowa"]
[BlackTeam "Legnica Miedz"]
[WhiteTeamCountry "POL"]
[BlackTeamCountry "POL"]

1. e4 d6 2. d4 Nf6 3. Nc3 e5 4. Nf3 Nbd7 5. Bc4 Be7 6. a4 0-0 7. 0-0 c6 8. a5 Rb8 9. Qe2 b5 10. axb6 axb6 11. d5 cxd5 12. exd5 Bb7 13. Ra7 h6 14. Nh4 Re8 15. Nf5 Qc8 16. Nb5 Ba6 17. Nbxd6 Bxc4 18. Nxc4 Qc5 19. d6 Bf8 20. Rc7 Qb5 21. Rd1 Ra8 22. b3 Ra2 23. h3 Kh7 24. Ng3 e4 25. Bb2 e3 26. Bxf6 Nxf6 27. Nxe3 Qe5 28. Qc4 Bxd6 29. Qd3+ 1-0

[Event "POL-chT 1st League"]
[Site "Jastrzebia Gora"]
[Date "2015.09.12"]
[Round "8.21"]
[White "Zawadzki, Stanislaw"]
[Black "Urban, Klaudiusz"]
[Result "0-1"]
[WhiteElo "2439"]
[BlackElo "2419"]
[PlyCount "84"]
[EventDate "2015.09.05"]
[EventType "team-tourn"]
[EventRounds "9"]
[EventCountry "POL"]
[SourceTitle "EXT 2016"]
[Source "ChessBase"]
[SourceDate "2015.10.08"]
[SourceVersion "1"]
[SourceVersionDate "2015.10.08"]
[SourceQuality "1"]
[WhiteTeam "Legnica Miedz"]
[BlackTeam "Gliwice Akademia Szachowa"]
[WhiteTeamCountry "POL"]
[BlackTeamCountry "POL"]

1. Nf3 Nf6 2. c4 c6 3. e3 d6 4. d3 e5 5. Be2 Be7 6. 0-0 0-0 7. b3 Re8 8. Bb2 Bf8 9. Nbd2 Nbd7 10. Rc1 b6 11. Rc2 Bb7 12. Qa1 Qe7 13. Rd1 Rac8 14. Nf1 h6 15. Ng3 g6 16. h3 Nh7 17. e4 Nc5 18. Nf1 Ne6 19. Ne3 Rcd8 20. g3 Bg7 21. Bf1 Nhg5 22. Nxg5 hxg5 23. Bg2 Rf8 24. Re1 f5 25. exf5 gxf5 26. Qd1 f4 27. Ng4 Qf7 28. Nh2 Rde8 29. Bf3 Re7 30. Rd2 Bf6 31. Be4 Bg7 32. Qg4 Nc5 33. Qxg5 Re6 34. Ng4 Nxe4 35. dxe4 Rg6 36. Qh5 c5 37. gxf4 Qxf4 38. Re3 Bxe4 39. Bc3 Qf5 40. Qh4 Bc6 41. Kf1 b5 42. cxb5 Qb1+ 0-1

[Event "POL-chT 69th"]
[Site "Poland"]
[Date "2013.09.14"]
[Round "7.4"]
[White "Zawadzki, Stanislaw"]
[Black "Bednarek, Sylwester"]
[Result "1/2-1/2"]
[WhiteElo "2432"]
[BlackElo "2314"]
[PlyCount "79"]
[EventDate "2013.05.24"]
[EventType "team-tourn"]
[EventRounds "9"]
[EventCountry "POL"]
[SourceTitle "EXT 2014"]
[Source "ChessBase"]
[SourceDate "2013.11.20"]
[SourceVersion "1"]
[SourceVersionDate "2013.11.20"]
[SourceQuality "1"]
[WhiteTeam "Legnica Miedz"]
[BlackTeam "Ostroda"]
[WhiteTeamCountry "POL"]
[BlackTeamCountry "POL"]

1. Nf3 c5 2. c4 Nf6 3. g3 b6 4. Bg2 Bb7 5. 0-0 a6 6. Nc3 d6 7. d4 cxd4 8. Qxd4 e6 9. Rd1 Nc6 10. Qf4 Qc7 11. b3 Be7 12. Ba3 Ne5 13. Nxe5 dxe5 14. Qc1 Bxg2 15. Kxg2 0-0 16. Bxe7 Qxe7 17. Qe3 Qc7 18. Rd3 b5 19. cxb5 axb5 20. a4 bxa4 21. bxa4 Ng4 22. Qd2 f5 23. f3 Nf6 24. Nb5 Qc4 25. Qb2 e4 26. Rc3 exf3+ 27. exf3 Qd5 28. Qe2 Rfd8 29. Ra2 Kh8 30. Re3 f4 31. Rxe6 Rac8 32. Re7 Qb3 33. Rb7 Re8 34. Qd2 Nd5 35. Nd6 Ne3+ 36. Kf2 Nd1+ 37. Kg2 Ne3+ 38. Kf2 Nd1+ 39. Kg2 Ne3+ 40. Kf2 1/2-1/2

[Event "POL-chT 69th"]
[Site "Poland"]
[Date "2013.08.31"]
[Round "5.3"]
[White "Swiech, Przemyslaw"]
[Black "Zawadzki, Stanislaw"]
[Result "0-1"]
[WhiteElo "2281"]
[BlackElo "2432"]
[PlyCount "56"]
[EventDate "2013.05.24"]
[EventType "team-tourn"]
[EventRounds "9"]
[EventCountry "POL"]
[SourceTitle "EXT 2014"]
[Source "ChessBase"]
[SourceDate "2013.11.20"]
[SourceVersion "1"]
[SourceVersionDate "2013.11.20"]
[SourceQuality "1"]
[WhiteTeam "Krakow TKKF Drogowiec"]
[BlackTeam "Legnica Miedz"]
[WhiteTeamCountry "POL"]
[BlackTeamCountry "POL"]

1. c4 d6 2. Nf3 e5 3. d4 e4 4. Nfd2 f5 5. Nc3 Nf6 6. e3 c5 7. Be2 Nc6 8. d5 Ne5 9. f3 exf3 10. Nxf3 Nxf3+ 11. Bxf3 g6 12. 0-0 Bg7 13. e4 0-0 14. exf5 Bxf5 15. Bf4 Qd7 16. h3 h5 17. Re1 a6 18. Qa4 Rad8 19. Bd1 Qc8 20. Bf3 Nd7 21. Bg5 Ne5 22. Be4 Rde8 23. Re2 Bxh3 24. gxh3 Qxh3 25. Rh2 Nf3+ 26. Bxf3 Bd4+ 27. Kh1 Qxf3+ 28. Rg2 Qh3+ 0-1

[Event "POL-chT 69th"]
[Site "Poland"]
[Date "2013.05.26"]
[Round "3"]
[White "Jaracz, Pawel"]
[Black "Zawadzki, Stanislaw"]
[Result "1-0"]
[WhiteElo "2527"]
[BlackElo "2432"]
[PlyCount "127"]
[EventDate "2013.05.24"]
[EventType "team-tourn"]
[EventRounds "9"]
[EventCountry "POL"]
[SourceTitle "CBM 154 Extra"]
[Source "ChessBase"]
[SourceDate "2013.06.25"]
[SourceVersion "2"]
[SourceVersionDate "2013.06.25"]
[SourceQuality "1"]
[WhiteTeam "Znin Baszta"]
[BlackTeam "Legnica Miedz"]
[WhiteTeamCountry "POL"]
[BlackTeamCountry "POL"]

1. d4 d5 2. c4 c6 3. Nf3 Nf6 4. Qc2 dxc4 5. Qxc4 Bf5 6. g3 e6 7. Bg2 Nbd7 8. 0-0 Be7 9. e3 0-0 10. Rd1 Rc8 11. Qe2 c5 12. Nc3 Ne4 13. dxc5 Nxc3 14. bxc3 Qe8 15. c6 Rxc6 16. Nd4 Rb6 17. a4 Nc5 18. a5 Rb1 19. Rxb1 Bxb1 20. Ba3 Bg6 21. Qc4 Ne4 22. Bxe7 Qxe7 23. Nc6 bxc6 24. Bxe4 Bxe4 25. Qxe4 Qc7 26. Qb4 g6 27. Qc5 Rc8 28. h4 h5 29. Rd4 Qb7 30. Rb4 Qa6 31. c4 Re8 32. Kg2 Kh7 33. Rb3 Kg8 34. e4 Rd8 35. Rb2 Re8 36. Rb1 Kg7 37. Rd1 Qb7 38. Rd6 Qb1 39. Qe5+ Kg8 40. Rxc6 Rd8 41. Rc7 a6 42. Ra7 Qd3 43. Rxa6 Qxc4 44. Rb6 Qd4 45. Qxd4 Rxd4 46. a6 Ra4 47. Kf3 Kg7 48. Ke3 Ra2 49. f4 Ra3+ 50. Kd4 Rxg3 51. a7 Ra3 52. Rb7 Kf6 53. Kc5 e5 54. fxe5+ Kxe5 55. Kb4 Ra6 56. Kb5 Ra1 57. Rxf7 Kxe4 58. Kb6 Rb1+ 59. Kc7 Ra1 60. Kb8 Rb1+ 61. Rb7 Ra1 62. a8Q Rxa8+ 63. Kxa8 g5 64. Rb5 1-0

[Event "EU-ch rapid"]
[Site "Warsaw"]
[Date "2012.12.15"]
[Round "4"]
[White "Zawadzki, Stanislaw"]
[Black "Erdos, Viktor"]
[Result "0-1"]
[WhiteElo "2432"]
[BlackElo "2640"]
[PlyCount "72"]
[EventDate "2012.12.15"]
[EventType "swiss (rapid)"]
[EventRounds "11"]
[EventCountry "POL"]
[SourceTitle "EXT 2014"]
[Source "ChessBase"]
[SourceDate "2013.11.20"]
[SourceVersion "1"]
[SourceVersionDate "2013.11.20"]
[SourceQuality "1"]

1. e4 e5 2. Nf3 Nc6 3. Bb5 a6 4. Ba4 Nge7 5. c3 g6 6. 0-0 Bg7 7. d3 0-0 8. h3 h6 9. Qe2 d6 10. Nbd2 f5 11. Bb3+ Kh8 12. a3 Qe8 13. Nh2 g5 14. exf5 Bxf5 15. Ne4 Bh7 16. Be3 Nf5 17. Rad1 Nce7 18. Bc1 Ng6 19. g3 Qc6 20. Ng4 d5 21. Nd2 Rae8 22. Ne3 Nf4 23. gxf4 exf4 24. Bxd5 Qd7 25. Be4 fxe3 26. fxe3 Rf7 27. Rf3 Be5 28. Nf1 g4 29. hxg4 Rg8 30. Kf2 Nh4 31. Rf4 Rxg4 32. Bh1 Bxf4 33. exf4 Rfg7 34. Qe5 Rg1 35. Be3 Rxh1 36. Bd4 Nf5 0-1

[Event "CZE-chT 1213"]
[Site "Czech Republic"]
[Date "2012.12.01"]
[Round "3.8"]
[White "Nedela, Vlastimil"]
[Black "Zawadzki, Stanislaw"]
[Result "1/2-1/2"]
[WhiteElo "2299"]
[BlackElo "2432"]
[PlyCount "110"]
[EventDate "2012.11.03"]
[EventType "team-tourn"]
[EventRounds "11"]
[EventCountry "CZE"]
[SourceTitle "EXT 2014"]
[Source "ChessBase"]
[SourceDate "2013.11.20"]
[SourceVersion "1"]
[SourceVersionDate "2013.11.20"]
[SourceQuality "1"]
[WhiteTeam "Trinec"]
[BlackTeam "Grygov"]
[WhiteTeamCountry "CZE"]
[BlackTeamCountry "CZE"]

1. Nf3 d5 2. g3 Nf6 3. Bg2 c6 4. b3 Bg4 5. Bb2 Nbd7 6. 0-0 a5 7. c4 e6 8. d4 a4 9. Nbd2 Be7 10. Ne5 Nxe5 11. dxe5 Nd7 12. h3 Bh5 13. cxd5 cxd5 14. g4 Bg6 15. e4 Nc5 16. exd5 exd5 17. f4 Bd3 18. Re1 Bh4 19. Re3 d4 20. Rf3 a3 21. Bc1 Qa5 22. Nc4 Bxc4 23. bxc4 d3 24. Be3 0-0 25. Rb1 Rad8 26. Rb5 Qa4 27. Qxa4 Nxa4 28. Bd2 Nb2 29. Rf1 Nxc4 30. Rd1 Bg3 31. Rd5 g5 32. Bb4 Nb2 33. Rc1 Rxd5 34. Bxd5 Bxf4 35. Bxf8 Bxc1 36. Bxa3 d2 37. Bb3 Nd3 38. Bd6 Kg7 39. Kf1 Nf4 40. a4 h5 41. gxh5 Nxh3 42. e6 fxe6 43. Ke2 Nf4+ 44. Bxf4 gxf4 45. Bxe6 f3+ 46. Kd1 f2 47. Bc4 b6 48. Be2 Kh7 49. Kc2 Kh6 50. Kd1 Kg5 51. Kc2 Kf4 52. h6 Ke3 53. Kd1 Bb2 54. h7 Bh8 55. Bf1 Bg7 1/2-1/2

[Event "POL-chT 1st League"]
[Site "Poronin"]
[Date "2012.09.??"]
[Round "3"]
[White "Zawadzki, Stanislaw"]
[Black "Dudzinski, Piotr"]
[Result "1-0"]
[WhiteElo "2432"]
[BlackElo "2300"]
[PlyCount "139"]
[EventDate "2012.09.01"]
[EventType "team-tourn"]
[EventRounds "9"]
[EventCountry "POL"]
[SourceTitle "EXT 2013"]
[Source "ChessBase"]
[SourceDate "2012.11.22"]
[SourceVersion "1"]
[SourceVersionDate "2012.11.22"]
[SourceQuality "1"]
[WhiteTeam "Legnica Miedz"]
[BlackTeam "Ostrow Wielkopolski"]
[WhiteTeamCountry "POL"]
[BlackTeamCountry "POL"]

1. d4 d5 2. c4 e6 3. Nf3 Nf6 4. Nc3 Be7 5. g3 0-0 6. Bg2 dxc4 7. Qa4 c6 8. Qxc4 b5 9. Qb3 a6 10. 0-0 Bb7 11. Rd1 Nbd7 12. Be3 Nd5 13. Nxd5 cxd5 14. Bd2 Rc8 15. e3 Rc4 16. Bf1 Qb6 17. Rdc1 Rfc8 18. Qd1 Rxc1 19. Rxc1 Rxc1 20. Qxc1 Qc6 21. Qxc6 Bxc6 22. Ba5 Bd6 23. Bd3 f6 24. h4 h6 25. Kf1 Kf7 26. b3 e5 27. Bf5 g6 28. Bh3 e4 29. Ne1 f5 30. h5 Nf8 31. hxg6+ Kxg6 32. Ng2 Be7 33. Nf4+ Kg5 34. Ke1 h5 35. Kd2 Ng6 36. Ng2 Bd7 37. Kc3 h4 38. Bb4 Bd8 39. gxh4+ Kh5 40. Bd6 Ba5+ 41. Kb2 Bd8 42. Kc3 Ba5+ 43. Kc2 Bd8 44. Kd2 Bxh4 45. Nxh4 Kxh4 46. Bf1 Kg4 47. Be2+ Kh3 48. Bh5 Be8 49. Kc3 a5 50. Kd2 Kg2 51. Ke1 Bf7 52. Be2 Be8 53. Bc7 Kg1 54. Bh5 a4 55. Bg3 Bf7 56. Kd2 axb3 57. axb3 b4 58. Ke1 Nh8 59. Be2 Ng6 60. Bb5 f4 61. Bxf4 Nxf4 62. exf4 Be6 63. Bc6 Kg2 64. Ke2 Kh3 65. f5 Bxf5 66. Bxd5 Kg4 67. Ke3 Kg5 68. Bxe4 Bd7 69. d5 Kf6 70. Kd4 1-0

[Event "POL-chT 1st League"]
[Site "Katowice"]
[Date "2010.09.11"]
[Round "8"]
[White "Zawadzki, Stanislaw"]
[Black "Shkapenko, Pavel"]
[Result "1/2-1/2"]
[WhiteElo "2412"]
[BlackElo "2426"]
[PlyCount "61"]
[EventDate "2010.09.04"]
[EventType "team-tourn"]
[EventRounds "9"]
[EventCountry "POL"]
[SourceTitle "EXT 2019"]
[Source "ChessBase"]
[SourceDate "2018.10.10"]
[SourceVersion "1"]
[SourceVersionDate "2018.10.10"]
[SourceQuality "1"]
[WhiteTeam "Legnica Miedz"]
[BlackTeam "Pultusk Nadnarwianka"]
[WhiteTeamCountry "POL"]
[BlackTeamCountry "POL"]

1. g3 d5 2. Bg2 Nf6 3. Nf3 c6 4. 0-0 Bg4 5. Ne5 Bh5 6. d4 e6 7. c4 Nbd7 8. Nxd7 Qxd7 9. Qc2 Bg6 10. Qb3 Rd8 11. Rd1 dxc4 12. Qxc4 e5 13. Be3 Nd5 14. Nc3 Bc2 15. Nxd5 Bxd1 16. Nc3 Bc2 17. dxe5 Bf5 18. Bxa7 Qe6 19. Qf4 Be7 20. e4 Bh3 21. Bxh3 Qxh3 22. Ne2 0-0 23. Nd4 g6 24. Qe3 Qd7 25. Bb6 Ra8 26. e6 Qd6 27. exf7+ Rxf7 28. Nb3 Bf6 29. Qe2 Qb4 30. Bc5 Qb5 31. Qc2 1/2-1/2

[Event "POL-chT 1st League"]
[Site "Katowice"]
[Date "2010.09.05"]
[Round "2"]
[White "Juroszek, Tadeusz"]
[Black "Zawadzki, Stanislaw"]
[Result "1-0"]
[WhiteElo "2365"]
[BlackElo "2412"]
[PlyCount "69"]
[EventDate "2010.09.04"]
[EventType "team-tourn"]
[EventRounds "9"]
[EventCountry "POL"]
[SourceTitle "EXT 2019"]
[Source "ChessBase"]
[SourceDate "2018.10.10"]
[SourceVersion "1"]
[SourceVersionDate "2018.10.10"]
[SourceQuality "1"]
[WhiteTeam "Gliwice Politechnika Slaska"]
[BlackTeam "Legnica Miedz"]
[WhiteTeamCountry "POL"]
[BlackTeamCountry "POL"]

1. e4 c5 2. g3 Nc6 3. Bg2 g6 4. d3 Bg7 5. Nc3 d6 6. f4 e6 7. Nf3 Nge7 8. 0-0 0-0 9. Bd2 b6 10. Rb1 Bb7 11. g4 f5 12. gxf5 exf5 13. exf5 Rxf5 14. Ne4 d5 15. Ng3 Rf8 16. Qe2 Qd6 17. c3 Rae8 18. Rbe1 Bc8 19. f5 Bd7 20. fxg6 Nxg6 21. Qd1 Bg4 22. Rxe8 Rxe8 23. Qa4 h5 24. Ng5 b5 25. Qxb5 Rb8 26. Nf7 Qd7 27. Qxc5 Nce7 28. Nh6+ Kh7 29. Nxg4 hxg4 30. b4 Rc8 31. Qf2 Ne5 32. Nh5 Bh8 33. Nf6+ Bxf6 34. Qxf6 N7g6 35. Qg5 1-0

[Event "POL-chT 1st League"]
[Site "Katowice"]
[Date "2010.09.04"]
[Round "1"]
[White "Zawadzki, Stanislaw"]
[Black "Warszawski, Bartosz"]
[Result "1-0"]
[WhiteElo "2412"]
[BlackElo "2309"]
[PlyCount "67"]
[EventDate "2010.09.04"]
[EventType "team-tourn"]
[EventRounds "9"]
[EventCountry "POL"]
[SourceTitle "EXT 2019"]
[Source "ChessBase"]
[SourceDate "2018.10.10"]
[SourceVersion "1"]
[SourceVersionDate "2018.10.10"]
[SourceQuality "1"]
[WhiteTeam "Legnica Miedz"]
[BlackTeam "Warszawa YMCA"]
[WhiteTeamCountry "POL"]
[BlackTeamCountry "POL"]

1. Nf3 e6 2. g3 d5 3. Bg2 c5 4. 0-0 Nc6 5. d3 Nf6 6. c3 Be7 7. Qc2 0-0 8. a4 a6 9. e4 Qc7 10. Re1 Rb8 11. Bf4 e5 12. exd5 exf4 13. dxc6 bxc6 14. Nbd2 Nd5 15. Nc4 Bf6 16. a5 Bg4 17. Nfe5 Bf5 18. Re2 Rbd8 19. Rae1 g5 20. g4 Be6 21. Qa4 Ne7 22. Qa3 Rd5 23. Bxd5 cxd5 24. Nd2 Qc8 25. f3 Qc7 26. Nb3 Rc8 27. d4 c4 28. Nc5 Qa7 29. Kg2 Rd8 30. Qa4 Bc8 31. Nc6 Nxc6 32. Qxc6 Kg7 33. Qb6 Qa8 34. Re7 1-0

[Event "Wroclaw Oct op"]
[Site "Wroclaw"]
[Date "2010.??.??"]
[Round "5"]
[White "Butkiewicz, Lukasz"]
[Black "Zawadzki, Stanislaw"]
[Result "0-1"]
[WhiteElo "2369"]
[BlackElo "2408"]
[PlyCount "110"]
[EventDate "2010.10.22"]
[EventType "swiss"]
[EventRounds "5"]
[EventCountry "POL"]
[SourceTitle "EXT 2011"]
[Source "ChessBase"]
[SourceDate "2010.11.26"]
[SourceVersion "1"]
[SourceVersionDate "2010.11.26"]
[SourceQuality "1"]

1. e4 c5 2. Nf3 Nc6 3. d4 cxd4 4. Nxd4 Qb6 5. Nb3 Nf6 6. Nc3 e6 7. Be3 Qc7 8. Bd3 d6 9. 0-0 a6 10. f4 b5 11. Qf3 Bb7 12. Rae1 Be7 13. Qh3 h5 14. Kh1 Ng4 15. Bg1 0-0-0 16. a4 b4 17. Nd1 g5 18. f5 Nce5 19. Nd4 Qd7 20. Ne3 Nxe3 21. Qxe3 h4 22. Qe2 Nxd3 23. cxd3 e5 24. Rc1+ Kb8 25. Nb3 d5 26. Qf2 d4 27. f6 Bd6 28. Nc5 Bxc5 29. Rxc5 Qd6 30. Rfc1 h3 31. g3 Rc8 32. Rxc8+ Rxc8 33. Rf1 a5 34. g4 Ba6 35. Qg3 Rc2 36. Rf2 Rxf2 37. Bxf2 Qxf6 38. Bxd4 Qf1+ 39. Bg1 Kb7 40. Qf2 Qxf2 41. Bxf2 Bxd3 42. Bc5 Bxe4+ 43. Kg1 Bf3 44. Be7 Bxg4 45. Bxg5 Bd7 46. Bf6 e4 47. Kf2 Bxa4 48. Ke3 Bc6 49. Kd4 Kb6 50. Kc4 Bb5+ 51. Kd4 Bd3 52. Be7 Kb5 53. Bd8 a4 54. Be7 f5 55. Bd6 Bc2 0-1